000
00223nam a2200097Ia 4500
008
170619s9999 xx 000 0 und d
100
_a
Kingery- W.D.
245
0
_a
Introduction to Ceramics
260
_b
Wiley-India
260
_c
2006
546
_a
ENGLISH
999
_c
20553
_d
20553